Matematika pre 3. ročník základnej školy I pracovný zošit

Podrobná bibliografia
Hlavní autori: Bálint, Ľudovít, 1937-2021 (Autor, Prekladateľ), Janků, Marie (Autor), Kabele, Jiří, 1906-1983 (Autor), Koman, Milan, 1932-2012 (Autor)
Ďalší autori: Maxa, Bohumil (Ilustrátor)
Médium: Kniha
Jazyk:slovenčina
čeština
Fyzický popis:80 strán ilustrácie (niektoré farebné), schémy, tabuľky 30 cm
Vydavateľské údaje: Bratislava Slovenské pedagogické nakladateľstvo 1990
ISBN:8008008482
Vydanie:5. vyd.
Predmet:

MARC

LEADER 00000cam a2200000 a 4500
001 vtls001064471
003 SK-MaSNL
005 20260301110812.0
008 210928s1990 xo afl brp 00000 slo
015 |a SNBA1990/02 
020 |a 8008008482  |q (brožované) 
035 |a 5DB68A75-1BC4-47A0-9653-792E453FC43D 
035 |a SNK000007300 
035 |a urn:nbn:sk:snk-am00byli 
035 |a urn:nbn:sk:snk-amln06 
040 |a SNK  |b slo  |c SNK  |e AACR2 
041 1 |a slo  |h cze 
044 |a xo  |c SK 
072 7 |a 51  |x Matematika  |2 konspekt 
072 7 |a 37.016  |x Učebné osnovy. Vyučovacie predmety. Učebnice  |2 konspekt 
080 |a 51  |2 2011 
080 |a (076.1)  |2 2011 
080 |a (075.2)  |2 2011 
245 0 0 |a Matematika pre 3. ročník základnej školy I  |b pracovný zošit  |c Ľ. Bálint, M. Janků, J. Kabele, M. Koman ; [z českého originálu preložil Ľudovít Bálint ; ilustrácie a grafická úprava Bohumil Maxa] 
250 |a 5. vyd. 
260 |a Bratislava  |b Slovenské pedagogické nakladateľstvo  |c 1990 
300 |a 80 strán  |b ilustrácie (niektoré farebné), schémy, tabuľky  |c 30 cm 
366 |e 90000 kusov 
500 |a Preložené z češtiny 
500 |a Ilustrácie na titulnej strane 
650 0 7 |a matematika  |2 SNKPH  |9 70174 
655 7 |a pracovné zošity  |2 SNKPH  |9 70188 
655 7 |a učebnice základných škôl  |2 SNKPH  |9 70187 
655 7 |a ilustrované publikácie  |2 SNKPH  |9 109406 
700 1 |a Bálint, Ľudovít,  |d 1937-2021  |4 aut  |4 trl  |9 215985 
700 1 |a Janků, Marie  |4 aut  |9 44570 
700 1 |a Kabele, Jiří,  |d 1906-1983  |4 aut  |9 106737 
700 1 |a Koman, Milan,  |d 1932-2012  |4 aut  |9 208318 
700 1 |a Maxa, Bohumil  |4 ill  |4 bkd  |9 45637 
852 |a Slovenská národná knižnica 
919 |a 80-08-00848-2 
954 |a odborná, vedecká literatúra pôvodná (slovenská)  |2 lita 
954 |a ilustrované knihy, leporelá, komiksy pôvodné (slovenské)  |2 lita 
954 |a odborná, vedecká literatúra cudzojazyčná (svetová)  |2 lita 
954 |a ilustrované knihy, leporelá, komiksy cudzojazyčné (svetové)  |2 lita 
958 |a RK 
958 |a TL 
958 |a CZ 
958 |a DB 
958 |a OND 
958 |a OP 
958 |a UC 
999 |c 704268  |d 706198 
952 |a SNK  |b SNK  |y PREZ  |7 0  |p 17A0824950  |o snkSB 46261/1  |i snkKSP 3197/91  |0 0  |1 0  |4 0  |d 2012-12-07  |f 1  |l 0  |r 2025-01-31 00:00:00  |w 2026-02-23